Sports Quiz

Random Sports or Football Quiz

Founding Members of the Football Conference Quiz Stats

 Plays Quiz not verified by Sporcle

Challenge
Share
Tweet
Embed
Score 0/20 Timer 08:00
0 Plays Today
Division Teams % Correct
TeamsBarnet
82.6%
TeamsYeovil Town
69.6%
TeamsAltrincham
60.9%
TeamsNorthwich Victoria
60.9%
TeamsBoston United
56.5%
TeamsBath City
52.2%
TeamsTelford United
52.2%
TeamsBarrow
43.5%
TeamsScarborough
43.5%
TeamsStafford Rangers
43.5%
Division Teams % Correct
TeamsKettering Town
39.1%
TeamsMaidstone United
39.1%
TeamsWealdstone United
39.1%
TeamsWeymouth
34.8%
TeamsNuneaton Borough
30.4%
TeamsGravesend & Northfleet
26.1%
TeamsRedditch United
26.1%
TeamsAP Leamington
21.7%
TeamsBangor City
21.7%
TeamsWorcester City
21.7%

You're not logged in!

Compare scores with friends on all Sporcle quizzes.
Join for Free
OR
Log In

You Might Also Like...

Show Comments

Extras

Top Quizzes Today


Score Distribution

Your Account Isn't Verified!

In order to create a playlist on Sporcle, you need to verify the email address you used during registration. Go to your Sporcle Settings to finish the process.

Report this User

Report this user for behavior that violates our Community Guidelines.

Details: